000 01139nam a22002177a 4500
999 _c59957
_d59957
003 Ge_BSU
005 20230523103705.0
008 230523s2013 ge ||||| |||| 00| 0 geo d
020 _a9789941437526
041 _ageo
080 _a821.353.,1-4:008(479.22)(09)+94(479.22) ქ-27
245 _aქართული კულტურა :
_bკრებული /
_cგამოსაცემად მოამზადა ვალერი ასათიანმა და მანანა ფხაკაძემ.
264 _aთბილისი :
_bკულტურა და დიალოგი,
_c2013.
300 _a328 გვ.;
_b24 სმ.
500 _aეძღვნება ვახტანგ როდონაიას ხსოვნას
653 _aქართული ფოლკლორი
653 _aქართული ყოფა და კულტურა
700 _aასათიანი, ვალერი
_eგამომცემელი
_918179
700 _aფხაკაზე, მანანა
_eგამომცემელი
_918180
942 _2udc
_cBK